| 000 | 01230nam a22002775a 4500 | ||
|---|---|---|---|
| 003 | OSt | ||
| 005 | 20180111113757.0 | ||
| 008 | 180111s2015 ua a frb 000 0 ara d | ||
| 017 | _a2015 / 2652 | ||
| 020 | _a9789774720444 | ||
| 040 |
_aEG-ScBUE _bara _cEG-ScBUE |
||
| 043 | _af-ua--- | ||
| 082 | 0 | 4 |
_a330.962 _bف ا ر _222 |
| 100 | 1 | _aفاروق، عبد الخالق. | |
| 245 | 1 | 0 |
_aحقيقة الدعم وأزمة الاقتصاد المصري : _bالمغالطات المالية والمحاسبية والحقائق الاقتصادية والسياسية / _cإعداد عبد الخالق فاروق. |
| 250 | _aط. 1. | ||
| 260 |
_aالقاهرة : _bالدار المصرية السعودية، _c2015. |
||
| 300 |
_a165 ص. : _bإيض. ؛ _c24 سم. |
||
| 490 | 0 |
_aسلسلة إصدارات مركز الاستقلال للدراسات الاستراتيجية والاستشارات ؛ _v6 |
|
| 504 | _aيشتمل على إرجاعات ببليوجرافية. | ||
| 541 |
_aدكتور محمد شومان ؛ _cإهداء ؛ |
||
| 650 | 7 |
_aالأزمات الاقتصادية _zمصر. _2BUEsh |
|
| 651 | 7 |
_aمصر _xأحوال اقتصادية. _2BUEsh |
|
| 653 |
_bBUSECO _cJanuary2018 |
||
| 942 | _2ddc | ||
| 999 |
_c25928 _d25900 |
||